000 00314nam a22001457a 4500
003 SGT
020 _a9789358427875
082 _a614.7
_bCHA
100 _aCHAUDHARY, DR. ARCHNA
245 _aSCIENC AND SOCIETY
260 _aINDIA
_bBOOK RIVERS
_c2024
300 _a121
650 _aSCIENCE
942 _2ddc
_cBK
999 _c26321
_d26321